| 000 | 00988cam a2200193 a 4500 | ||
|---|---|---|---|
| 020 | _a0784400261(pbk.) | ||
| 082 | 0 | 0 |
_a624.86 _bKHO _cL-40,P-26 |
| 245 | 1 | 0 |
_aComputing in civil engineering : _bproceedings of the First Congress held in conjunction with A/E/C Systems '94 / _csponsored by the Committee on Coordination Outside ASCE of the Technical Council on Computer Practices of the American Society of Civil Engineers, Washington, D.C., June 20-22, 1994 ; edited by Khalil Khozeimeh. |
| 260 |
_aNew York, N.Y. : _bAmerican Society of Civil Engineers, _cc1994. |
||
| 300 |
_a2 v. (xxvi, 2224 p.) : _bill. ; _c22 cm. |
||
| 500 | _aIncludes bibliographical references and indexes. | ||
| 526 |
_a0 _b0 _c0 _d624_860000000000000_KHO |
||
| 526 |
_a0 _b0 _c0 _d624_860000000000000_KHO |
||
| 650 | 0 |
_aCivil engineering _xData processing _xCongresses. _937157 |
|
| 650 | 0 |
_aMCE _9379 |
|
| 700 | 1 |
_aKhozeimeh, Khalil. _937158 |
|
| 710 | 2 |
_aAmerican Society of Civil Engineers. _9702 |
|
| 942 |
_2ddc _cBK |
||
| 999 |
_c542063 _d542063 |
||